| 000 | 00810nam a2200241 i 4500 | ||
|---|---|---|---|
| 001 | bg | ||
| 100 | 1 | _aBUHLMANN, Rosemarie | |
| 245 | 1 | 0 |
_aWirtschaftsdeutsch von A-Z : _bLehr- und Arbeitsbuch : Kommunikation und Fachwortschatz in der Wirtschaft / _cvon Rosemarie Buhlmann, Anneliese Fearns und Eric Leimbacher. |
| 260 |
_aBerlin [et al.] : _bLangenscheidt, _c1996. |
||
| 300 |
_a192 s. : _bfot., mapy (w tym kolor.), rys., wykr. ; _c24 cm. |
||
| 650 | 9 |
_aGospodarka _xsłownictwo |
|
| 650 | 9 | _aJęzyk niemiecki | |
| 655 | _aPodręczniki akademickie | ||
| 700 | 1 | _aFEARNS, Anneliese | |
| 700 | 1 | _aLAIMBACHER, Eric | |
| 020 | _a3468498497 | ||
| 040 | _cBPK | ||
| 041 | 0 | _ade | |
| 080 | _a811.112.2::33(075.8) | ||
| 920 | _a3-468-49849-7 | ||
| 942 | _cKS | ||
| 008 | s pl f |000 0 pol | ||
| 999 |
_c32339 _d32339 |
||
| 856 |
_uhttp://koha.tu.koszalin.pl/cgi-bin/koha/opac-detail.pl?biblionumber=32339 _yKatalog online BPK |
||